000 00774cam a22002413a 4500
001 22608
003 PGUSA
005 20140828083459.0
008 070915s2007||||xxu|||||s|||||000 | eng d
040 _aPGUSA
_beng
042 _adc
050 4 _aZ
100 1 _aSpofford, Ainsworth Rand,
_d1825-1908
245 1 2 _aA Book for All Readers :
_bAn Aid to the Collection, Use, and Preservation of Books and the Formation of Public and Private Libraries
_h[electronic resource] /
_cAinsworth Rand Spofford
260 _bProject Gutenberg,
_c2007
506 _aPublic domain in the USA.
516 _aElectronic text
653 _aLibrary science
653 _aBooks
830 0 _aProject Gutenberg
_v22608
856 4 0 _uhttp://www.gutenberg.org/ebooks/22608
942 _cEB
999 _c251863
_d251863